000 02839cam a2200301 4500500
005 20260111145927.0
041 _afre
042 _adc
100 1 0 _aRosoux, Valérie
_eauthor
245 0 0 _aRwanda, l'impossible « mémoire nationale » ?
260 _c2007.
500 _a89
520 _aRésuméL’article s’interroge sur la figure du « héros national » telle qu’elle est actuellement forgée par les représentants de l’État rwandais. Que recouvre-t-elle ? Permet-elle de construire des ponts entre des communautés brutalement déchirées par le génocide ? L’analyse de la portée et des limites de cette figure permet de revenir sur la commémoration du dixième anniversaire du génocide. Elle questionne ensuite son épaisseur sociale. Suscite-t-elle un écho auprès de la population ? Derrière cette question, c’est la notion même de « mémoire nationale » qui est mise en cause.
520 _aThe purpose of this article is to question the notion of « national hero » officially emphasized in Rwanda. What is its meaning ? Does it allow to build bridges between communities that are most often separated since the genocide ? The analysis of the strengths and the limitations of this politics of memory is divided into two parts. First, it focuses on the commemoration of the 10th anniversary of the genocide and on the evolution of the notion of « national hero ». Second, the article examines the articulation between this official emphasis and the reactions of the population. Beyond this issue, the very notion of national memory is called into question.
520 _aZusammenfassungDer Artikel beschäftigt sich mit der Figur des « Nationalhelden » in der Form wie er derzeit von den Regierungsvertretern Ruandas propagiert wird. Hinterfragt wird was genau diese Figur verkörpert und ob es ihr gelingen kann, zwischen vom Genozid zerrissenen Volksgemeinschaften Brücken zu bauen. Die Auseinandersetzung mit der möglichen Bedeutung Figur und ihren Grenzen ist gespalten : zum einen führt die Debatte zurück zu den Gedenkfeiern anlässlich des zehnten Jahrestages des Genozids, zum andern fragt sie nach dem möglichen sozialen Zusammenhalt und der Reaktion der Bevölkerung auf die Figur des Helden. Darüber hinaus setzt der Artikel sich mit dem Begriff « Nationales Erinnerung » auseinander.
690 _agénocide
690 _ahéros
690 _ajustes
690 _amémoire nationale
690 _aRwanda
690 _aconflict resolution
690 _agenocide
690 _aheroes
690 _anational memory
690 _aRwanda
786 0 _nEthnologie française | 37 | 3 | 2007-08-01 | p. 409-415 | 0046-2616
856 4 1 _uhttps://shs.cairn.info/revue-ethnologie-francaise-2007-3-page-409?lang=fr&redirect-ssocas=7080
999 _c1636723
_d1636723